[Event "Hastings Challengers 1993/94"]
[Site "Hastings"]
[Date "1993.12.29"]
[Round "1"]
[White "Arkell, Keith C"]
[Black "Wall, Gavin"]
[Result "1-0"]
[WhiteElo "2475"]
[BlackElo "2295"]
[PlyCount "107"]
[EventDate "1993.12.29"]
[EventType "swiss"]
[EventRounds "9"]
[EventCountry "ENG"]
[SourceTitle "BritBase"]
[Source "John Saunders"]
[SourceDate "2025.11.18"]
[SourceVersion "1"]
[SourceVersionDate "2025.11.18"]
[SourceQuality "1"]

1. d4 f5 2. g3 Nf6 3. Bg2 g6 4. b3 Bg7 5. Bb2 O-O 6. c4 d6 7. d5 c6 8. Nh3 h6 9. O-O g5 10. f4 Nh7 11. Bxg7 Kxg7 12. Qd2 Qb6+ 13. Kh1 g4 14. Nf2 cxd5 15. cxd5 Na6 16. Na3 Nf6 17. Nc4 Qb5 18. Qd4 Bd7 19. e4 fxe4 20. Nxe4 Qxd5 21. Qxd5 Nxd5 22. Nexd6 Bc6 23. Nxb7 Bxb7 24. Na5 Rab8 25. Nxb7 Ne3 26. Na5 Nxf1 27. Rxf1 Nb4 28. Re1 Kf6 29. Nc4 Nd3 30. Re2 Rbc8 31. h3 h5 32. hxg4 hxg4 33. Bd5 Rc7 34. Be6 Nc1 35. Re5 Nxa2 36. Ne3 Rh8+ 37. Kg2 Kg7 38. Rg5+ Kf8 39. Rf5+ Kg7 40. Rf7+ Kg6 41. Nxg4 Rc2+ 42. Kf3 Rc3+ 43. Ne3 Rh7 44. f5+ Kh6 45. Rf8 Nc1 46. g4 Nxb3 47. Kf4 Nd4 48. g5+ Kh5 49. Bf7+ Kh4 50. g6 Ne2+ 51. Kf3 Ng1+ 52. Ke4 Rg7 53. Rh8+ Kg5 54. Rh7 {Source: bulletin} 1-0

[Event "Hastings Challengers 1993/94"]
[Site "Hastings"]
[Date "1993.12.29"]
[Round "1"]
[White "Cooper, Lawrence"]
[Black "Spangenberg, Hugo"]
[Result "0-1"]
[WhiteElo "2310"]
[BlackElo "2535"]
[PlyCount "80"]
[EventDate "1993.12.29"]
[EventType "swiss"]
[EventRounds "9"]
[EventCountry "ENG"]
[SourceTitle "BritBase"]
[Source "John Saunders"]
[SourceDate "2025.11.18"]
[SourceVersion "1"]
[SourceVersionDate "2025.11.18"]
[SourceQuality "1"]

1. e4 c5 2. Nf3 Nc6 3. d4 cxd4 4. Nxd4 g6 5. c4 Nf6 6. Nc3 d6 7. Be2 Bg7 8. Be3 O-O 9. O-O Bd7 10. Qd2 Nxd4 11. Bxd4 Bc6 12. f3 a5 13. b3 Nd7 14. Be3 Nc5 15. Rac1 Qb6 16. Nd5 Bxd5 17. exd5 Qb4 18. Rfd1 Rfc8 19. Rc2 Qb6 20. f4 Qd8 21. Bf3 Na6 22. a3 Nc5 23. Rb1 b6 24. Qf2 Qd7 25. b4 Na4 26. Bd4 Qf5 27. Rd1 axb4 28. axb4 Bxd4 29. Rxd4 b5 30. g4 Qf6 31. Re4 Nc3 32. Re3 Rxc4 33. g5 Qg7 34. Rxe7 Rxb4 35. Qe3 Rc4 36. h4 b4 37. h5 Qd4 38. Qxd4 Rxd4 39. f5 Rf4 40. hxg6 hxg6 {Source: bulletin} 0-1

[Event "Hastings Challengers 1993/94"]
[Site "Hastings"]
[Date "1993.12.29"]
[Round "1"]
[White "Giddins, Stephen W"]
[Black "Crouch, Colin S"]
[Result "0-1"]
[WhiteElo "2280"]
[BlackElo "2415"]
[PlyCount "70"]
[EventDate "1993.12.29"]
[EventType "swiss"]
[EventRounds "9"]
[EventCountry "ENG"]
[SourceTitle "BritBase"]
[Source "John Saunders"]
[SourceDate "2025.11.18"]
[SourceVersion "1"]
[SourceVersionDate "2025.11.18"]
[SourceQuality "1"]

1. d4 g6 2. c4 Bg7 3. Nf3 d6 4. g3 e5 5. Bg2 Nc6 6. d5 Nce7 7. Nc3 h6 8. e4 f5 9. O-O Nf6 10. Ne1 O-O 11. Nd3 c6 12. f4 Nxe4 13. Nxe4 fxe4 14. Bxe4 cxd5 15. cxd5 Qb6+ 16. Kh1 Bf5 17. Qe2 Qb5 18. Re1 Bxe4+ 19. Qxe4 Qxd5 20. Qxd5+ Nxd5 21. fxe5 dxe5 22. Bd2 Rac8 23. Nxe5 Rc2 24. Bc3 Nxc3 25. bxc3 h5 26. Nxg6 Rff2 27. Rad1 Rxh2+ 28. Kg1 Rhg2+ 29. Kh1 Rh2+ 30. Kg1 Rcg2+ 31. Kf1 Rxa2 32. Kg1 Rhg2+ 33. Kh1 Rh2+ 34. Kg1 Rag2+ 35. Kf1 Rxg3 {Source: Steve Giddins} 0-1

[Event "Hastings Challengers 1993/94"]
[Site "Hastings"]
[Date "1993.12.29"]
[Round "1"]
[White "Harman, Kenneth B"]
[Black "Basman, Michael John"]
[Result "0-1"]
[WhiteElo "2130"]
[BlackElo "2350"]
[PlyCount "50"]
[EventDate "1993.12.29"]
[EventType "swiss"]
[EventRounds "9"]
[EventCountry "ENG"]
[SourceTitle "BritBase"]
[Source "John Saunders"]
[SourceDate "2025.11.18"]
[SourceVersion "1"]
[SourceVersionDate "2025.11.18"]
[SourceQuality "1"]

1. e4 h6 2. d4 a6 3. Bd3 d6 4. Ne2 Nc6 5. c3 e5 6. Be3 Nf6 7. d5 Ne7 8. f3 g5 9. c4 Ng6 10. Nbc3 Nf4 11. Nxf4 gxf4 12. Bf2 h5 13. Qd2 h4 14. O-O-O Nd7 15. Kb1 Qf6 16. Be2 Rg8 17. Rhg1 Be7 18. Rc1 c5 19. dxc6 bxc6 20. c5 Nxc5 21. Bxc5 dxc5 22. Na4 Rb8 23. Nxc5 h3 24. Bd1 Qd6 25. Qe2 Qd4 {Source: bulletin} 0-1

[Event "Hastings Challengers 1993/94"]
[Site "Hastings"]
[Date "1993.12.29"]
[Round "1"]
[White "Shaw, John Kerr"]
[Black "McDonald, Neil R"]
[Result "0-1"]
[WhiteElo "2270"]
[BlackElo "2395"]
[PlyCount "50"]
[EventDate "1993.12.29"]
[EventType "swiss"]
[EventRounds "9"]
[EventCountry "ENG"]
[SourceTitle "BritBase"]
[Source "John Saunders"]
[SourceDate "2025.11.18"]
[SourceVersion "1"]
[SourceVersionDate "2025.11.18"]
[SourceQuality "1"]

1. e4 e6 2. d4 d5 3. e5 c5 4. c3 Nc6 5. Nf3 Bd7 6. Be2 Nge7 7. Na3 cxd4 8. cxd4 Nf5 9. Nc2 Qb6 10. O-O Na5 11. g4 Ne7 12. b4 Nc4 13. Be3 Rc8 14. Nd2 Bb5 15. Nxc4 Bxc4 16. f4 h5 17. h3 hxg4 18. hxg4 Rh3 19. Rc1 Qa6 20. Bxc4 Rxc4 21. Kg2 Rh8 22. a3 Ng6 23. Qd2 Be7 24. Bf2 Rc3 25. Ne1 Qe2 {Source: bulletin (n.b. Mega 2022 has the date wrong; the bulletin has the result wrong (draw) in the game section but correct in the crosstable)} 0-1

[Event "Hastings Challengers 1993/94"]
[Site "Hastings"]
[Date "1993.12.29"]
[Round "1"]
[White "Sher, Miron Naumovich"]
[Black "Cafferty, Bernard"]
[Result "1-0"]
[WhiteElo "2535"]
[BlackElo "2310"]
[PlyCount "137"]
[EventDate "1993.12.29"]
[EventType "swiss"]
[EventRounds "9"]
[EventCountry "ENG"]
[SourceTitle "BritBase"]
[Source "John Saunders"]
[SourceDate "2025.11.18"]
[SourceVersion "1"]
[SourceVersionDate "2025.11.18"]
[SourceQuality "1"]

1. c4 Nf6 2. Nc3 e6 3. Nf3 Bb4 4. g3 O-O 5. Bg2 d5 6. a3 Bd6 7. d4 b6 8. Bg5 Be7 9. O-O Bb7 10. Qc2 Nbd7 11. cxd5 exd5 12. b4 Re8 13. Rfd1 c6 14. Qb3 Qb8 15. Bf4 Bd6 16. e3 h6 17. Bxd6 Qxd6 18. b5 a6 19. bxc6 Bxc6 20. Qb4 Qb8 21. Nd2 Qb7 22. a4 Rec8 23. Rdc1 Rab8 24. Nb3 Qa7 25. Qd6 Qb7 26. Rab1 Qa8 27. Qb4 Bb7 28. Ne2 Rxc1+ 29. Rxc1 Rc8 30. Rc3 a5 31. Qa3 Ba6 32. Nbc1 Ne4 33. Rxc8+ Qxc8 34. Qb3 Qc4 35. Qxc4 Bxc4 36. f3 Nd2 37. Kf2 Nb3 38. Nxb3 Bxb3 39. Nc3 Kf8 40. Bf1 Ke7 41. Bb5 Kd6 42. e4 dxe4 43. fxe4 f6 44. Ke3 Bf7 45. Kd3 Nf8 46. Bc4 Be8 47. Bb5 Bf7 48. Nd1 Ba2 49. Kc3 Be6 50. Ne3 g6 51. Ng2 g5 52. Ne3 Ng6 53. Be8 Ne7 54. Bb5 Kc7 55. d5 Bf7 56. Kd4 Nc8 57. e5 fxe5+ 58. Kxe5 Nd6 59. Bc6 Bg6 60. g4 Bd3 61. Nf5 Bxf5 62. gxf5 h5 63. f6 h4 64. Be8 g4 65. f7 Nxf7+ 66. Bxf7 g3 67. hxg3 hxg3 68. d6+ Kd8 69. Bd5 {Source: bulletin} 1-0

[Event "Hastings Challengers 1993/94"]
[Site "Hastings"]
[Date "1993.12.29"]
[Round "1"]
[White "Thompson, Ian D"]
[Black "Trzaska, Peter"]
[Result "1-0"]
[WhiteElo "2184"]
[BlackElo "2245"]
[PlyCount "61"]
[EventDate "1993.12.29"]
[EventType "swiss"]
[EventRounds "9"]
[EventCountry "ENG"]
[SourceTitle "BritBase"]
[Source "John Saunders"]
[SourceDate "2025.11.18"]
[SourceVersion "1"]
[SourceVersionDate "2025.11.18"]
[SourceQuality "1"]

1. c4 e5 2. Nc3 Nf6 3. g3 d5 4. cxd5 Nxd5 5. Bg2 Nb6 6. Nf3 Nc6 7. O-O Be7 8. b3 O-O 9. Bb2 Be6 10. Rc1 f5 11. d4 exd4 12. Nb5 d3 13. Qxd3 Qxd3 14. exd3 Bd8 15. Nfd4 Nxd4 16. Bxd4 Nd5 17. Bxd5 Bxd5 18. Nxc7 Bxc7 19. Rxc7 Rf7 20. Rxf7 Kxf7 21. Rc1 Bc6 22. Be5 Rd8 23. d4 g5 24. f3 Bxf3 25. Rc7+ Kg6 26. Rg7+ Kh6 27. Kf2 Be4 28. h4 gxh4 29. gxh4 Rc8 30. Rg5 Rc2+ 31. Ke1 {Source: Ian Thompson} 1-0

[Event "Hastings Challengers 1993/94"]
[Site "Hastings"]
[Date "1993.12.29"]
[Round "1"]
[White "Yakovich, Yuri"]
[Black "Britton, Richard L"]
[Result "1-0"]
[WhiteElo "2525"]
[BlackElo "2305"]
[PlyCount "97"]
[EventDate "1993.12.29"]
[EventType "swiss"]
[EventRounds "9"]
[EventCountry "ENG"]
[SourceTitle "BritBase"]
[Source "John Saunders"]
[SourceDate "2025.11.18"]
[SourceVersion "1"]
[SourceVersionDate "2025.11.18"]
[SourceQuality "1"]

1. d4 Nf6 2. c4 g6 3. Nc3 Bg7 4. e4 d6 5. Be2 O-O 6. Bg5 Nbd7 7. Qd2 e5 8. d5 Nc5 9. f3 a5 10. g4 h6 11. Be3 h5 12. h3 Nh7 13. gxh5 Qh4+ 14. Kd1 gxh5 15. Rh2 f5 16. Rg2 Rf7 17. Kc2 Bd7 18. Bf2 Qf6 19. Bxc5 dxc5 20. exf5 Bxf5+ 21. Bd3 Kh8 22. Ne4 Bxe4 23. Bxe4 Bh6 24. Qf2 Ng5 25. Re1 Rg7 26. h4 Nxe4 27. Rxe4 Rag8 28. Rxg7 Qxg7 29. Ne2 b6 30. Kd3 Qg6 31. Qh2 Rf8 32. Qxe5+ Bg7 33. Nf4 Qg1 34. Qxh5+ Kg8 35. Ne2 Qb1+ 36. Ke3 Qxb2 37. Re7 Bd4+ 38. Kd3 Qb1+ 39. Kd2 Bf6 40. Qg4+ Kh8 41. Qh5+ Kg8 42. Rxc7 b5 43. cxb5 Qb4+ 44. Kd1 Qa4+ 45. Kd2 Qb4+ 46. Ke3 Bd4+ 47. Nxd4 cxd4+ 48. Ke2 d3+ 49. Kf1 {Source: bulletin} 1-0

[Event "Hastings Challengers 1993/94"]
[Site "Hastings"]
[Date "1993.12.30"]
[Round "2"]
[White "Basman, Michael John"]
[Black "Yakovich, Yuri"]
[Result "1/2-1/2"]
[WhiteElo "2350"]
[BlackElo "2525"]
[PlyCount "82"]
[EventDate "1993.12.29"]
[EventType "swiss"]
[EventRounds "9"]
[EventCountry "ENG"]
[SourceTitle "BritBase"]
[Source "John Saunders"]
[SourceDate "2025.11.18"]
[SourceVersion "1"]
[SourceVersionDate "2025.11.18"]
[SourceQuality "1"]

1. h3 e5 2. a3 d5 3. c4 c6 4. e3 Nf6 5. b4 Bd6 6. Bb2 O-O 7. Nf3 Qe7 8. Qc2 Nbd7 9. cxd5 cxd5 10. Nc3 a6 11. Na4 d4 12. Rc1 b5 13. Nc5 Bxc5 14. bxc5 Bb7 15. c6 Rac8 16. c7 Nd5 17. Qf5 Rxc7 18. Rxc7 Nxc7 19. Be2 dxe3 20. dxe3 f6 21. O-O Nc5 22. Rd1 Rd8 23. Bc3 Rxd1+ 24. Bxd1 Qd7 25. Qb1 Be4 26. Qc1 N7e6 27. Nd2 Bg6 28. Bg4 h5 29. Be2 Qd5 30. Bb4 Kh7 31. Nf3 Nd3 32. Qc8 Nxb4 33. axb4 Qa2 34. Bf1 Bf7 35. Bd3+ g6 36. Qd7 Kg7 37. Be4 Nf8 38. Qb7 Qc4 39. Bc6 Kg8 40. Qxa6 e4 41. Nd4 Qxb4 {PLEASE NOTE - this game was played in the 1993/94 Hastings Challengers but was mistakenly attributed to the 1994/95 event by ChessBase - JS} 1/2-1/2

[Event "Hastings Challengers 1993/94"]
[Site "Hastings"]
[Date "1993.12.30"]
[Round "2"]
[White "Conquest, Stuart C"]
[Black "Thompson, Ian D"]
[Result "1/2-1/2"]
[WhiteElo "2485"]
[BlackElo "2184"]
[PlyCount "119"]
[EventDate "1993.12.29"]
[EventType "swiss"]
[EventRounds "9"]
[EventCountry "ENG"]
[SourceTitle "BritBase"]
[Source "John Saunders"]
[SourceDate "2025.11.18"]
[SourceVersion "1"]
[SourceVersionDate "2025.11.18"]
[SourceQuality "1"]

1. d4 e6 2. c4 Nf6 3. Nc3 Bb4 4. e3 O-O 5. Bd3 d5 6. Nge2 c5 7. O-O Nc6 8. cxd5 exd5 9. a3 cxd4 10. exd4 Bd6 11. h3 h6 12. Bc2 Be6 13. Qd3 Re8 14. Nf4 Rc8 15. Rd1 Bb8 16. Qf3 Qd7 17. Be3 Rcd8 18. Rac1 Qd6 19. g3 Bc8 20. Nce2 Ne4 21. Qg2 f5 22. Bb3 Ne7 23. Nd3 Qb6 24. Ba2 Ng6 25. Nc3 Nxc3 26. Rxc3 Be6 27. f4 Bf7 28. Qf3 Re4 29. Rdc1 Rde8 30. Rc8 Kh7 31. Rxe8 Rxe8 32. Bf2 Qe6 33. Re1 Qc6 34. Rxe8 Qxe8 35. Bxd5 Bxd5 36. Qxd5 Qc8 37. h4 Ne7 38. Qf7 Bd6 39. Nc5 Bxc5 40. dxc5 Qd7 41. b4 Qd1+ 42. Kg2 Qe2 43. Qb3 Nc6 44. Qd5 Qc2 45. h5 a6 46. Kf3 Qb1 47. Kg2 Qc2 48. Qf3 Qc4 49. g4 fxg4 50. Qxg4 Ne7 51. Qf3 Nd5 52. Kg3 Nf6 53. Be1 Qc2 54. a4 Qf5 55. Kh4 Nxh5 56. Qxh5 Qxf4+ 57. Kh3 Qf1+ 58. Kh2 Qxe1 59. Qf5+ Kg8 60. Qc8+ {Source: Ian Thompson} 1/2-1/2

[Event "Hastings Challengers 1993/94"]
[Site "Hastings"]
[Date "1993.12.30"]
[Round "2"]
[White "Flear, Glenn C"]
[Black "James, Geoffrey H"]
[Result "1/2-1/2"]
[WhiteElo "2500"]
[BlackElo "2220"]
[PlyCount "70"]
[EventDate "1993.12.29"]
[EventType "swiss"]
[EventRounds "9"]
[EventCountry "ENG"]
[SourceTitle "Denman Collection"]
[Source "Brian Denman"]
[SourceDate "2023.11.29"]
[SourceVersion "1"]
[SourceVersionDate "2023.11.29"]
[SourceQuality "1"]

1. d4 Nf6 2. c4 e6 3. Nc3 Bb4 4. Qc2 O-O 5. a3 Bxc3+ 6. Qxc3 Qe8 7. f3 d6 8. e4 e5 9. d5 Nbd7 10. Be3 b6 11. b4 Qe7 12. Bd3 Nh5 13. Ne2 g6 14. g4 Ng7 15. h4 f5 16. gxf5 gxf5 17. Bg5 Nf6 18. exf5 Bxf5 19. Rg1 Kh8 20. O-O-O Rf7 21. f4 Re8 22. fxe5 Qxe5 23. Qxe5 Rxe5 24. Nc3 Bxd3 25. Rxd3 Ne4 26. Kc2 Nxg5 27. hxg5 Nf5 28. Kb3 Kg7 29. Rg4 Rfe7 30. c5 bxc5 31. bxc5 dxc5 32. Rc4 Nd6 $1 33. Rxc5 Rxg5 34. Nb5 Nxb5 35. Rxb5 c6 {Source: G H James.} 1/2-1/2

[Event "Hastings Challengers 1993/94"]
[Site "Hastings"]
[Date "1993.12.30"]
[Round "2"]
[White "Jakubovics, Nicholas S"]
[Black "McNab, Colin Anderson"]
[Result "0-1"]
[WhiteElo "2250"]
[BlackElo "2490"]
[PlyCount "72"]
[EventDate "1993.12.29"]
[EventType "swiss"]
[EventRounds "9"]
[EventCountry "ENG"]
[SourceTitle "BritBase"]
[Source "John Saunders"]
[SourceDate "2025.11.18"]
[SourceVersion "1"]
[SourceVersionDate "2025.11.18"]
[SourceQuality "1"]

1. e4 g6 2. d4 d6 3. Nc3 c6 4. Be3 Nf6 5. f3 Nbd7 6. Qd2 Qc7 7. Nge2 b5 8. Nc1 Bg7 9. Nd3 Rb8 10. Bh6 Bxh6 11. Qxh6 b4 12. Ne2 c5 13. dxc5 Nxc5 14. Nxc5 Qxc5 15. O-O-O Bd7 16. Nd4 a5 17. Kb1 a4 18. Be2 Qh5 19. Qxh5 Nxh5 20. Bc4 e6 21. Rd2 Ke7 22. Rhd1 Rhd8 23. g3 Nf6 24. Bf1 e5 25. Ne2 Be6 26. Ng1 d5 27. exd5 Rxd5 28. Bh3 Rbd8 29. Rxd5 Nxd5 30. Kc1 f5 31. Bf1 Rc8 32. Rd2 Rc5 33. Bd3 a3 34. bxa3 bxa3 35. Ne2 Nb4 36. f4 e4 0-1

[Event "Hastings Challengers 1993/94"]
[Site "Hastings"]
[Date "1993.12.30"]
[Round "2"]
[White "McCamon, Boyd T"]
[Black "Hunt, Harriet V"]
[Result "1-0"]
[WhiteElo "2300"]
[BlackElo "2135"]
[PlyCount "61"]
[EventDate "1993.12.29"]
[EventType "swiss"]
[EventRounds "9"]
[EventCountry "ENG"]
[SourceTitle "BritBase"]
[Source "John Saunders"]
[SourceDate "2025.11.18"]
[SourceVersion "1"]
[SourceVersionDate "2025.11.18"]
[SourceQuality "1"]

1. d4 d5 2. Nf3 Nf6 3. e3 e6 4. Bd3 c5 5. c3 Nbd7 6. Nbd2 Bd6 7. O-O O-O 8. e4 dxe4 9. Nxe4 Nxe4 10. Bxe4 Nf6 11. Bc2 b6 12. Bg5 Ba6 13. Re1 Rc8 14. Ne5 cxd4 15. Qxd4 Be7 16. Qh4 g6 17. Rad1 Nd5 18. Bxe7 Qxe7 19. Qxe7 Nxe7 20. Rd7 Nc6 21. Nxc6 Rxc6 22. Rxa7 Bc8 23. Rd1 e5 24. Bb3 h5 25. Re7 Be6 26. Bxe6 fxe6 27. Rdd7 Rf6 28. Kf1 b5 29. Rb7 Rc5 30. Re8+ Rf8 31. Rxe6 1-0

[Event "Hastings Challengers 1993/94"]
[Site "Hastings"]
[Date "1993.12.30"]
[Round "2"]
[White "McDonald, Neil R"]
[Black "Sher, Miron Naumovich"]
[Result "0-1"]
[WhiteElo "2395"]
[BlackElo "2535"]
[PlyCount "130"]
[EventDate "1993.12.29"]
[EventType "swiss"]
[EventRounds "9"]
[EventCountry "ENG"]
[SourceTitle "BritBase"]
[Source "John Saunders"]
[SourceDate "2025.11.18"]
[SourceVersion "1"]
[SourceVersionDate "2025.11.18"]
[SourceQuality "1"]

1. e4 c5 2. Nf3 d6 3. d4 Nf6 4. Nc3 cxd4 5. Nxd4 Nc6 6. Bg5 e6 7. Qd2 a6 8. O-O-O h6 9. Bf4 Bd7 10. Nxc6 Bxc6 11. Qe1 Qc7 12. f3 Be7 13. g4 b5 14. Bd3 Nd7 15. h4 Ne5 16. Qg3 b4 17. Ne2 Nxd3+ 18. Rxd3 e5 19. Be3 Bb5 20. Rd2 Bxe2 21. Rxe2 Qc4 22. Kd2 Qxa2 23. b3 Qb2 24. Rc1 d5 25. exd5 Rd8 26. Ke1 Qc3+ 27. Bd2 Qc5 28. c4 bxc3 29. Rxc3 Qa7 30. Be3 Qb8 31. Rd3 O-O 32. g5 h5 33. Kf2 Qb5 34. Red2 Bb4 35. Rd1 Bd6 36. Qh3 g6 37. Rc3 Qb4 38. Rdd3 e4 39. fxe4 Qxe4 40. Rd4 Qb1 41. Rc6 Rfe8 42. Qf3 Qxb3 43. Rdc4 Be5 44. Kg2 a5 45. Bb6 Qxf3+ 46. Kxf3 Rxd5 47. Rc8 Rxc8 48. Rxc8+ Kg7 49. Ra8 Bc3 50. Rc8 Rb5 51. Bd8 Rb3 52. Kg2 Kh7 53. Ra8 Rb5 54. Ra7 Rd5 55. Rxf7+ Kg8 56. Rf3 Rxd8 57. Rxc3 Ra8 58. Rc6 Kf7 59. Rc3 a4 60. Ra3 Ke6 61. Kf3 Ke5 62. Ke3 Ra6 63. Rc3 a3 64. Rc1 a2 65. Ra1 Kf5 0-1

[Event "Hastings Challengers 1993/94"]
[Site "Hastings"]
[Date "1993.12.30"]
[Round "2"]
[White "Muir, Andrew Joseph"]
[Black "Ferguson, Mark"]
[Result "1-0"]
[WhiteElo "2360"]
[BlackElo "2195"]
[PlyCount "111"]
[EventDate "1993.12.29"]
[EventType "swiss"]
[EventRounds "9"]
[EventCountry "ENG"]
[SourceTitle "BritBase"]
[Source "John Saunders"]
[SourceDate "2025.11.18"]
[SourceVersion "1"]
[SourceVersionDate "2025.11.18"]
[SourceQuality "1"]

1. d4 d5 2. c4 c6 3. Nf3 Nf6 4. Nc3 dxc4 5. a4 Bf5 6. e3 e6 7. Bxc4 Bb4 8. O-O Nbd7 9. Nh4 Bg6 10. f3 Nd5 11. Qe1 N7b6 12. Nxg6 hxg6 13. Bb3 Bd6 14. g3 Nb4 15. Qe2 a5 16. Ne4 Be7 17. Rd1 O-O 18. Bd2 Qc7 19. Rac1 Rfd8 20. Be1 N6d5 21. Nc5 b6 22. Ne4 Qb7 23. Bf2 Rd7 24. Nd2 Nc7 25. Nc4 Bf6 26. g4 Nca6 27. h4 c5 28. g5 Be7 29. Rd2 Nc6 30. Bc2 Nab4 31. Be4 cxd4 32. exd4 Nd5 33. Bg3 Qa6 34. Bxg6 Bb4 35. Rdd1 Nde7 36. Bd3 Nxd4 37. Qe4 Ndf5 38. Nd6 Qa7 39. Nb5 Qb7 40. Qxb7 Rxb7 41. Be4 Nxg3 42. Bxb7 Rb8 43. Rc7 Nef5 44. Kh2 Ne2 45. Rdd7 Be1 46. Kh3 Nf4+ 47. Kg4 Ng6 48. f4 Bxh4 49. Rxf7 Bf2 50. Be4 Ngh4 51. Rfd7 Rf8 52. Nd6 Bd4 53. Nxf5 Nxf5 54. b3 Bb2 55. Bxf5 exf5+ 56. Kh5 1-0

[Event "Hastings Challengers 1993/94"]
[Site "Hastings"]
[Date "1993.12.30"]
[Round "2"]
[White "Parr, David"]
[Black "Sagall, Roy"]
[Result "1-0"]
[WhiteElo "2335"]
[BlackElo "2165"]
[PlyCount "57"]
[EventDate "1993.12.29"]
[EventType "swiss"]
[EventRounds "9"]
[EventCountry "ENG"]
[SourceTitle "BritBase"]
[Source "John Saunders"]
[SourceDate "2025.11.18"]
[SourceVersion "1"]
[SourceVersionDate "2025.11.18"]
[SourceQuality "1"]

1. e4 c5 2. Nf3 d6 3. d4 cxd4 4. Nxd4 Nf6 5. Nc3 a6 6. Bc4 e6 7. Bb3 Nc6 8. Be3 Na5 9. O-O b5 10. f3 Qc7 11. Qd2 Be7 12. Rf2 O-O 13. g4 Nc4 14. Bxc4 Qxc4 15. g5 Nd7 16. h4 Ne5 17. h5 Qc7 18. b3 Bd7 19. Kh1 Rac8 20. Nce2 g6 21. Rh2 Rfe8 22. Kg2 Bf8 23. Rah1 Bg7 24. hxg6 hxg6 25. Rh7 f5 26. gxf6 Bxf6 27. Bg5 Bg7 28. Qf4 Rf8 29. Qh4 1-0

[Event "Hastings Challengers 1993/94"]
[Site "Hastings"]
[Date "1993.12.30"]
[Round "2"]
[White "Schroeder, Wilfried"]
[Black "Gallagher, Joseph G"]
[Result "0-1"]
[WhiteElo "2270"]
[BlackElo "2515"]
[PlyCount "46"]
[EventDate "1993.12.29"]
[EventType "swiss"]
[EventRounds "9"]
[EventCountry "ENG"]
[SourceTitle "BritBase"]
[Source "John Saunders"]
[SourceDate "2025.11.18"]
[SourceVersion "1"]
[SourceVersionDate "2025.11.18"]
[SourceQuality "1"]

1. d4 Nf6 2. Nf3 g6 3. c4 Bg7 4. g3 O-O 5. Bg2 d6 6. O-O Nbd7 7. Qc2 e5 8. Rd1 Qe7 9. dxe5 dxe5 10. e4 Nc5 11. Nc3 c6 12. h3 Nh5 13. Bg5 f6 14. Be3 f5 15. exf5 gxf5 16. Bg5 Qf7 17. Qe2 e4 18. Ne1 Ne6 19. Qd2 Nxg5 20. Qxg5 h6 21. Qd2 Qxc4 22. Bf1 Qc5 23. Ng2 Nxg3 0-1

[Event "Hastings Challengers 1993/94"]
[Site "Hastings"]
[Date "1993.12.30"]
[Round "2"]
[White "Spangenberg, Hugo"]
[Black "Marusenko, Petr"]
[Result "1-0"]
[WhiteElo "2535"]
[BlackElo "2370"]
[PlyCount "71"]
[EventDate "1993.12.29"]
[EventType "swiss"]
[EventRounds "9"]
[EventCountry "ENG"]
[SourceTitle "BritBase"]
[Source "John Saunders"]
[SourceDate "2025.11.18"]
[SourceVersion "1"]
[SourceVersionDate "2025.11.18"]
[SourceQuality "1"]

1. e4 c6 2. d4 d5 3. Nd2 dxe4 4. Nxe4 Bf5 5. Ng3 Bg6 6. h4 h6 7. Nf3 Nd7 8. h5 Bh7 9. Bd3 Bxd3 10. Qxd3 e6 11. Bf4 Ngf6 12. O-O-O Be7 13. Kb1 O-O 14. Qe2 c5 15. dxc5 Bxc5 16. Ne5 Qe7 17. Nxd7 Nxd7 18. Nf5 exf5 19. Qxe7 Bxe7 20. Rxd7 Bc5 21. Rxb7 Rfe8 22. Rd1 Re2 23. b4 Bxf2 24. Rd2 Re1+ 25. Kb2 Bh4 26. Rb8+ Rxb8 27. Bxb8 Bf6+ 28. Kb3 Rb1+ 29. Ka4 a5 30. b5 Rb2 31. a3 Be7 32. Bd6 Bxd6 33. Rxd6 Rxc2 34. Kb3 Rxg2 35. b6 Rg1 36. Kc2 1-0

[Event "Hastings Challengers 1993/94"]
[Site "Hastings"]
[Date "1993.12.31"]
[Round "3"]
[White "Gallagher, Joseph G"]
[Black "Kumaran, Dharshan"]
[Result "1/2-1/2"]
[WhiteElo "2515"]
[BlackElo "2425"]
[PlyCount "51"]
[EventDate "1993.12.29"]
[EventType "swiss"]
[EventRounds "9"]
[EventCountry "ENG"]
[SourceTitle "BritBase"]
[Source "John Saunders"]
[SourceDate "2025.11.18"]
[SourceVersion "1"]
[SourceVersionDate "2025.11.18"]
[SourceQuality "1"]

1. e4 c6 2. d4 d5 3. f3 e6 4. Nc3 Bb4 5. Bf4 Nf6 6. Qd3 b6 7. Nge2 Ba6 8. Qe3 O-O 9. O-O-O Be7 10. Kb1 b5 11. Nc1 b4 12. N3e2 Nbd7 13. h4 c5 14. Bg5 Rc8 15. e5 Ne8 16. f4 h6 17. Bxe7 Qxe7 18. g4 Nc7 19. dxc5 Bxe2 20. Nxe2 Nb5 21. Nd4 Nxd4 22. Qxd4 Qxc5 23. Qxc5 Rxc5 24. Rd4 a5 25. Bg2 Rc7 26. Bf3 1/2-1/2

[Event "Hastings Challengers 1993/94"]
[Site "Hastings"]
[Date "1993.12.31"]
[Round "3"]
[White "Giddins, Stephen W"]
[Black "Forbes, Cathy"]
[Result "1/2-1/2"]
[WhiteElo "2280"]
[BlackElo "2105"]
[PlyCount "46"]
[EventDate "1993.12.29"]
[EventType "swiss"]
[EventRounds "9"]
[EventCountry "ENG"]
[SourceTitle "BritBase"]
[Source "John Saunders"]
[SourceDate "2025.11.18"]
[SourceVersion "1"]
[SourceVersionDate "2025.11.18"]
[SourceQuality "1"]

1. d4 d5 2. c4 c6 3. Nf3 Nf6 4. Nc3 e6 5. e3 Bd6 6. Bd3 O-O 7. O-O Nbd7 8. e4 dxe4 9. Nxe4 Nxe4 10. Bxe4 Nf6 11. Bc2 c5 12. b3 cxd4 13. Qxd4 e5 14. Nxe5 Re8 15. Nf3 Bg4 16. Qd3 Qc7 17. h3 Bh5 18. Bb2 Rad8 19. Qc3 b5 20. cxb5 Bxf3 21. Qxc7 Bxc7 22. Bxf6 gxf6 23. gxf3 Re2 {Source: Steve Giddins} 1/2-1/2